Trăng ảo chim huyền

Gorde:
Xehetasun bibliografikoak
Egile nagusia: Quỳnh Dao
Formatua: Liburua
Hizkuntza:Undetermined
Argitaratua: Hà Nội Văn Học 2000
Gaiak:
Etiketak: Etiketa erantsi
Etiketarik gabe, Izan zaitez lehena erregistro honi etiketa jartzen!
Thư viện lưu trữ: Trung tâm Học liệu Trường Đại học Cần Thơ
LEADER 00493nam a2200169Ia 4500
001 CTU_35867
008 210402s9999 xx 000 0 und d
082 |a 895.13 
082 |b Qu609t 
100 |a Quỳnh Dao 
245 0 |a Trăng ảo chim huyền 
245 0 |c Quỳnh Dao, Liêu Quốc Nhĩ 
260 |a Hà Nội 
260 |b Văn Học 
260 |c 2000 
650 |a chinese fiction - 20th century ( vietnemese ) 
980 |a Trung tâm Học liệu Trường Đại học Cần Thơ